Violencia doméstica: intervenciones para su prevención y tratamiento
Sábháilte in:
| Údar corparáideach: | |
|---|---|
| Formáid: | Téacs |
| Foilsithe / Cruthaithe: |
Washington, DC:
Banco Interamericano de Desarrollo. BID
|
| Ábhair: | |
| Clibeanna: |
Cuir clib leis
Níl clibeanna ann, Bí ar an gcéad duine le clib a chur leis an taifead seo!
|
MARC
| LEADER | 00000 a a2200000 04500 | ||
|---|---|---|---|
| 001 | 28418 | ||
| 003 | |||
| 040 | |||
| 090 | |a 188606 | ||
| 110 | |a Banco Interamericano de Desarrollo | ||
| 245 | |a Violencia doméstica: intervenciones para su prevención y tratamiento | ||
| 260 | |a Washington, DC: |b Banco Interamericano de Desarrollo. BID | ||
| 650 | |a VIOLENCIA INTRAFAMILIAR | ||
| 650 | |a SERVICIOS SOCIALES | ||
| 650 | |a EVALUACION | ||
| 650 | |a CONTABILIDAD DE COSTOS | ||
| 999 | |c 10616 |d 10616 | ||
